| 000 | 00000nam##2200000za#4500 |
| 001 | 9.608797 |
| 003 | CaOODSP |
| 005 | 20200401020151 |
| 007 | ta |
| 008 | 150406|1993||||xxc||||| f|0| 0 eng|d |
| 020 | |a0-662-20558-8 |
| 022 | |a1188-8903 |
| 040 | |aCaOODSP|beng |
| 043 | |an-cn--- |
| 086 | 1 |aEn1-17/7-1993E |
| 110 | 1 |aCanada.|bEnvironment Canada. |bEnvironmental Protection. |
| 245 | 10|aRegenerative incinerator for the destruction of toxic emissions from the tarpaper manufacturing industry |
| 260 | |aMontreal - Quebec : |bEnvironment Canada. |c1993. |
| 300 | |a4p. : |bcoloured figs., tables ; |c28 cm. |
| 490 | 1 |aSt. Lawrence technologies |x1188-8903 |
| 500 | |a"This data sheet is based on the results of a technology development and demonstration project carried out by Cascades Inc., in cooperation with the firm Biothermica international Inc., and financed by the St. Lawrence Centre."--Page 4. "A regenerative incinerator, originally developed to treat light solvent vapours in paint shops was installed at the Joliette (Québec) plant of the firm Cascades Inc. to determine its destruction efficiency on tarpaper saturator emissions."--Page 1. |
| 520 | 3 |aThis data sheet is based on the results of a technology development and demonstration project carried out by Cascades Inc., in cooperation with the firm Biothermica international Inc., and financed by the St. Lawrence Centre.--Page 4 A regenerative incinerator, originally developed to treat light solvent vapours in paint shops was installed at the Joliette (Québec) plant of the firm Cascades Inc. to determine its destruction efficiency on tarpaper saturator emissions.--Page 1 |
| 563 | |aPamphlet |
| 690 | 07|aHazardous waste|2gcpds |
| 690 | 07|aPulp and paper industry|2gcpds |
| 776 | 0#|tHazardous wastes. Regenerative incinerator for the destruction of toxic emissions from the tarpaper manufacturing industry |w(CaOODSP)9.571210 |
| 830 | #0|aSt. Lawrence technologies,|x1188-8903|w(CaOODSP)9.514532 |